000 00985cam a2200301 a 4500
001 174904
003 OSt
005 20240111074850.0
008 980908s1998 stk b 001 0 eng d
010 _a 98193059
020 _a0748608249
035 _a(OCoLC)39533615
040 _aUKM
_cUKM
_dDLC
042 _alccopycat
050 0 0 _aBJ1012
_b.D595 1998
082 0 0 _a170 DOW 1998
_221
100 1 _aDower, Nigel,
_95023
245 1 0 _aWorld Ethics :
_bthe new agenda
260 _aEdinburgh :
_bEdinburgh University Press,
_cc1998.
300 _aix, 214 p. ;
_c24 cm.
440 0 _aEdinburgh studies in world ethics
_95024
504 _aIncludes bibliographical references (p. 198-206) and index.
650 0 _aEthics.
_91778
650 0 _aMorals
_916873
906 _a7
_bcbc
_ccopycat
_d2
_encip
_f19
_gy-gencatlg
942 _2z
_cSLOAN
999 _c1910
_d1910